000 00952cab a22002055a 4500
001 L159033
008 151211e20151128xxk 000 0 eng d
035 _a(Sirsi) u159033
041 0 _aeng
100 1 _aMuldoon-Smith, Kevin
245 0 2 _aA Revolution in Devolution?
260 _c2015
490 _aEstates Gazette
_v(1547) 28 November 2015, 102-104(3)
520 _aConsiders how recent business rates announcement from the Chancellor will affect the commercial property sector. Includes discussion on business rate retention proposals which promises to extend the right of local authorities to retain 50% of any growth in business rate revenue and increase this to 100%. Notes that surprisingly the recent announcements have ignored the issue of empty property rates which is arguably a missed opportunity.
590 _aKA
651 4 _aUnited Kingdom
690 _aCommercial property
_96227
700 1 _aGreenhalgh, Paul
942 _n0
999 _c84783
_d84783